01240nam a2200253 a 4500001001000000005001700010041000800027044000800035084002000043100004500063245011600108260003200224300002200256500022600278500016100504500001100665546002400676650005200700650005600752650003400808650004500842700004900887740005000936BRCA_339620190320204248.0 aeng aenk a685b.G74c19101 aCervantes Saavedra, Miguel ded1547-161610aThe History of the Ingenious Gentleman Don Quixote of La ManchacTranslation from the Spanish by P. A. Motteux. aEdinburgobJohn Grantc1910 a4 v.bil.c27 cm. aContenido : v.1. Primera parte. Retrato de Cervantes. Advertencia del editor. Vida de Cervantes. Prólogo del autor. Notas. -- v.2. Texto. Notas. -- v.3. Segunda parte. Prólogo de Cervantes. Notas. -- v.4. Texto. Notas aReproducción de la versión de Motteux, publicada en 1879-84, por William Paterson. Tela; lomos adornados con motivos quijotiles dorados Lúdovik Osterc aQM1159 aTexto en : inglés14aNovela españolayÉpoca clásica, 1500-170014aLiteratura españolayÉpoca clásica, 1500-170014aNovela españolaySiglo XVII14aDon Quijote (Personaje ficticio)eNovela1 aMotteux, Peter Anthonyd1663-1718eTraductor0 aEl Ingenioso Hidalgo Don Quijote de la Mancha